000 01702camaa2200385 i 4500
003 EG-GiCUC
005 20260127142626.0
008 151105s2006 ua jr 000 0 ara d
017 _a2006 / 74461
_bدار الكتب والوثائق القومية (مصر)
020 _a9774192561
040 _aEG-GiCUC
_bara
_cEG-GiCUC
082 0 4 _221
_a810.9
_bU849qir
092 0 4 _a810.9
_bU849qir
_221
099 _a810.9 U849qir
100 1 _aعصفور، جابر
_eمؤلف.
245 1 0 _aقراءة التراث النقدى /
_cتأليف الدكتور جابر عصفور.
250 _aالطبعة الاولى
264 _aالقاهرة (مصر) :
_bالهيئة المصرية العامة للكتاب،
_c2006.
300 _a325 صفحة ؛
_c24 سم
336 _2rdacontent
_atext
337 _2rdamedia
_aUnmediated
338 _2rdacarrier
_avolume
490 1 _aمهرجان القراءة للجميع . مكتبة الاسرة 2006 . سلسلة العلوم الاجتماعية
500 _aالنسخة (174014) اهداء د. جابر عصفور سنة 2024.
504 _aيشتمل على ارجاعات ببليوجرافية.
541 _cاهداء ؛
_aعصام الشنطى ؛
_bالقاهرة ؛
_d2013
541 _cاهداء ؛
_aد. جابر عصفور ؛
_bالقاهرة ؛
_d2024.
600 1 0 _aعصفور، جابر
650 1 7 _aالادب العربى
_xتاريخ و نقد
_2qrmak
830 0 _aمهرجان القراءة للجميع .
_pمكتبة الاسرة 2006 .
_pسلسلة العلوم الاجتماعية
905 _aاميرة
_eمدخل
905 _aجيهان
_eمراجع
905 _aAya
942 _2ddc
_cBK
_e21
_n0
999 _c141216
_d141216